[Event "25th Open"]
[Site "Oberwart"]
[Date "2003.??.??"]
[Round "6"]
[White "Lehner, Oliver"]
[Black "Luther, Thomas"]
[Result "1/2-1/2"]
[WhiteElo "2390"]
[BlackElo "2570"]
[PlyCount "39"]
[EventDate "2003.07.05"]
[Source "Roberto Alvarez"]
[SourceDate "2003.07.14"]

1. d4 Nf6 2. c4 e6 3. Nf3 d5 4. Nc3 c6 5. Bg5 Nbd7 6. Qc2 h6 7. Bxf6 Nxf6 8. e3 Be7 9. Bd3 O-O 10. O-O b6 11. Rad1 Bb7 12. e4 dxe4 13. Nxe4 Qc7 14. c5 Rad8 15. g3 Rd7 16. Rd2 Nxe4 17. Bxe4 bxc5 18. dxc5 Rxd2 19. Nxd2 Rd8 20. b4 1/2-1/2

[Event "Podgorica"]
[Site "Podgorica"]
[Date "1993.??.??"]
[Round "8"]
[White "Levin, Felix"]
[Black "Lazic, Miroljub"]
[Result "1-0"]
[WhiteElo "2505"]
[BlackElo "2450"]
[PlyCount "75"]
[EventDate "1993.02.??"]
[Source "ChessBase"]

1. d4 d5 2. c4 c6 3. Nf3 Nf6 4. Nc3 e6 5. Bg5 Nbd7 6. cxd5 cxd5 7. e3 Qa5 8. Nd2 Bb4 9. Qb3 O-O 10. Bd3 b6 11. O-O Ba6 12. Bxa6 Bxc3 13. bxc3 Qxa6 14. c4 Qa5 15. Qd1 Rfc8 16. Nb3 Qa4 17. cxd5 exd5 18. f3 h6 19. Bh4 a5 20. Qd2 Qa3 21. Rab1 a4 22. Nc1 Rc3 23. Bxf6 Nxf6 24. Rxb6 Rac8 25. Rb1 g6 26. e4 dxe4 27. fxe4 Nxe4 28. Qxh6 Rc2 29. Qf4 f5 30. Rb6 R8c6 31. Rxc6 Rxc6 32. g4 Qb2 33. gxf5 Qxd4+ 34. Kh1 Qd5 35. Qf3 Rc3 36. Qg2 Kh8 37. Ne2 Rh3 38. Qxh3+ 1-0

[Event "I Open"]
[Site "Villa Maria"]
[Date "2003.??.??"]
[Round "5"]
[White "Slipak, Sergio"]
[Black "Soppe, Guillermo"]
[Result "1/2-1/2"]
[WhiteElo "2502"]
[BlackElo "2448"]
[PlyCount "35"]
[EventDate "2003.05.10"]
[Source "Roberto Alvarez"]
[SourceDate "2003.05.19"]

1. d4 d5 2. c4 c6 3. Nc3 Nf6 4. Bg5 e6 5. Nf3 Nbd7 6. Qc2 dxc4 7. a4 Bb4 8. e4 Qa5 9. Bd2 e5 10. Be2 O-O 11. O-O exd4 12. Nxd4 Ne5 13. h3 Rd8 14. Be3 c5 15. Nf3 Nxf3+ 16. Bxf3 Be6 17. Rfd1 Bxc3 18. bxc3 1/2-1/2

[Event "Ibercaja Open"]
[Site "Zaragoza"]
[Date "1992.??.??"]
[Round "?"]
[White "Gil Capape, Javier"]
[Black "Campora, Daniel H"]
[Result "0-1"]
[WhiteElo "2400"]
[BlackElo "2550"]
[PlyCount "60"]
[EventDate "1992.??.??"]
[Source "www.chesslib.no"]
[SourceDate "2004.05.04"]

1. d4 d5 2. Nf3 Nf6 3. c4 e6 4. Nc3 Nbd7 5. Bg5 Bb4 6. e3 c5 7. cxd5 exd5 8. Be2 Qa5 9. O-O O-O 10. Qc2 Bxc3 11. bxc3 Ne4 12. c4 cxd4 13. exd4 Nxg5 14. Nxg5 Nf6 15. c5 Bd7 16. Bd3 g6 17. Nf3 Ba4 18. Qb2 b6 19. Rac1 Rac8 20. Qa3 Ne4 21. Rfe1 bxc5 22. Bxe4 dxe4 23. Rxe4 Qb4 24. Re3 Qxa3 25. Rxa3 cxd4 26. Rxc8 Rxc8 27. h3 Rc1+ 28. Kh2 Bc6 29. Rxa7 d3 30. Kg3 Bxf3 0-1

[Event "Capablanca mem Premier I"]
[Site "Havana"]
[Date "2002.05.06"]
[Round "11"]
[White "Cacho Reigadas, Sergio"]
[Black "Abreu, Aryam"]
[Result "1-0"]
[WhiteElo "2469"]
[BlackElo "2480"]
[PlyCount "71"]
[EventDate "2002.05.06"]
[Source "ChessBase"]
[SourceDate "2002.07.08"]

1. d4 d5 2. c4 c6 3. Nf3 Nf6 4. Nc3 e6 5. Bg5 Nbd7 6. cxd5 cxd5 7. e3 a6 8. Bd3 Be7 9. O-O O-O 10. Qe2 b5 11. a4 b4 12. Nb1 a5 13. Nbd2 Bb7 14. Rfc1 Bd6 15. Nb3 Qb6 16. Bf4 Ne4 17. Bxd6 Qxd6 18. Bb5 Nb6 19. Nc5 Rab8 20. Rc2 Qe7 21. Ne5 Rfc8 22. Rac1 Nd6 23. b3 Ba8 24. f3 f6 25. Ned7 Nxb5 26. Nxb8 Na3 27. Ncd7 Nxc2 28. Rxc2 Rxc2 29. Qxc2 Nxd7 30. Qc7 Kf7 31. Nxd7 Ke8 32. Qxa5 Bc6 33. Nc5 e5 34. Qxb4 exd4 35. Qxd4 Qa7 36. b4 1-0

[Event "ISR-ch op"]
[Site "Tel Aviv"]
[Date "2001.04.14"]
[Round "6"]
[White "Gofshtein, Leonid D"]
[Black "Boim, Inon"]
[Result "1/2-1/2"]
[WhiteElo "2523"]
[BlackElo "2422"]
[PlyCount "92"]
[EventDate "2001.04.09"]
[Source "ChessBase"]
[SourceDate "2001.05.06"]

1. d4 d5 2. c4 c6 3. Nf3 e6 4. Nc3 Nf6 5. Bg5 Nbd7 6. cxd5 cxd5 7. e3 Qa5 8. Bd3 Ne4 9. O-O Nxc3 10. bxc3 Bd6 11. Qe2 h6 12. Bh4 Qxc3 13. Rac1 Qa5 14. e4 dxe4 15. Qxe4 Nf6 16. Bxf6 gxf6 17. Rfe1 f5 18. Qh4 Qd8 19. Qh3 Bf4 20. Rc4 O-O 21. d5 Bg5 22. Nxg5 Qxg5 23. Qf3 Rd8 24. h4 Qg7 25. Rec1 Bd7 26. Rc7 Rac8 27. Qe3 Rxc7 28. Rxc7 e5 29. Rxb7 e4 30. Bc4 Kh7 31. Qf4 Rg8 32. g3 Qa1+ 33. Bf1 Rg4 34. Qe3 Be8 35. d6 Qd1 36. Rb8 Bd7 37. Rd8 Bb5 38. Kh2 Qxf1 39. Qxa7 Bc4 40. Qd4 e3 41. Rh8+ Kg6 42. Rxh6+ Kxh6 43. Qh8+ Kg6 44. h5+ Kg5 45. Qg7+ Kxh5 46. Qh7+ Kg5 1/2-1/2

[Event "Barcelona ESP"]
[Site "Barcelona ESP"]
[Date "1990.??.??"]
[Round "?"]
[White "Rodriguez, Orestes"]
[Black "Campos Moreno, Javier B"]
[Result "0-1"]
[WhiteElo "2500"]
[BlackElo "2440"]
[PlyCount "98"]
[EventDate "1990.??.??"]
[Source "www.chesslib.no"]
[SourceDate "2004.05.04"]

1. d4 e6 2. Nf3 d5 3. c4 Nf6 4. Nc3 Nbd7 5. Bg5 Bb4 6. e3 c5 7. Bd3 Qa5 8. O-O cxd4 9. exd4 dxc4 10. Bxc4 O-O 11. Rc1 Bxc3 12. bxc3 b6 13. Qe2 Bb7 14. Be3 Rac8 15. Bb3 Qh5 16. Rfe1 b5 17. a4 a6 18. axb5 axb5 19. Bf4 Bxf3 20. gxf3 Nb6 21. Be5 Nc4 22. Bxf6 Qg6+ 23. Kh1 Qxf6 24. Bc2 Rfd8 25. Bd3 Rd5 26. Rg1 Rh5 27. Rb1 Qf4 28. Rg3 Nd6 29. Rb3 g6 30. Qe3 Qf6 31. Kg2 Ra8 32. Qe2 Qf4 33. Rb1 Ra5 34. Qb2 Ra4 35. h3 Nc4 36. Qe2 Qc7 37. Rg1 Ra3 38. Bxc4 Qxc4 39. Qxc4 bxc4 40. Rc1 Rb5 41. f4 Rb2 42. Re3 Rd2 43. Rf3 Kg7 44. Kg3 Kf6 45. Re1 Rd3 46. Rc1 Kf5 47. Rc2 Ra1 48. Rb2 Rg1+ 49. Kh2 Rxf3 0-1

[Event "San Fernando Open"]
[Site "San Fernando"]
[Date "1991.??.??"]
[Round "?"]
[White "Franco Ocampos, Zenon"]
[Black "Braga, Fernando"]
[Result "1-0"]
[WhiteElo "2495"]
[BlackElo "2445"]
[PlyCount "55"]
[EventDate "1991.06.??"]
[Source "www.chesslib.no"]
[SourceDate "2004.05.04"]

1. c4 Nf6 2. Nc3 e6 3. d4 d5 4. Bg5 Nbd7 5. e3 Bb4 6. cxd5 exd5 7. Bd3 c5 8. Nge2 c4 9. Bc2 O-O 10. O-O Qa5 11. f3 Re8 12. Qd2 h6 13. Bh4 b6 14. a3 Be7 15. e4 dxe4 16. fxe4 Bb7 17. Rf5 Qa6 18. Bxf6 Nxf6 19. Raf1 Rad8 20. e5 Nd5 21. Ng3 Bg5 22. Rxg5 hxg5 23. Qxg5 b5 24. Nxd5 Bxd5 25. Nf5 g6 26. Nh6+ Kf8 27. Nxf7 Bxf7 28. Bxg6 1-0

[Event "ESP Team Ch"]
[Site "Linares ESP"]
[Date "1991.??.??"]
[Round "8"]
[White "Bernal Moro, Luis J"]
[Black "Illescas Cordoba, Miguel"]
[Result "0-1"]
[WhiteElo "2395"]
[BlackElo "2545"]
[PlyCount "62"]
[EventDate "1991.??.??"]
[Source "www.chesslib.no"]
[SourceDate "2004.05.04"]

1. d4 Nf6 2. c4 e6 3. Nc3 d5 4. Bg5 Nbd7 5. e3 h6 6. Bh4 Be7 7. Nf3 O-O 8. Bd3 dxc4 9. Bxc4 a6 10. a4 c5 11. O-O cxd4 12. exd4 Nb6 13. Bb3 Bd7 14. Re1 Bc6 15. Ne5 Nbd5 16. Rc1 Rc8 17. Nxc6 bxc6 18. Bc4 a5 19. Qe2 Qb6 20. Rcd1 Rfd8 21. Bg3 Bf8 22. Rd2 Qb4 23. Be5 Nd7 24. Rc2 Nxe5 25. dxe5 Nb6 26. Bd3 Rd4 27. Rd1 Rcd8 28. Rcd2 Nxa4 29. Na2 Qb6 30. b3 Bb4 31. bxa4 Bxd2 0-1

[Event "OeSB"]
[Site "Bruck/Leitha"]
[Date "2003.10.25"]
[Round "1.5"]
[White "Polak, Tomas"]
[Black "Plachetka, Jan"]
[Result "1-0"]
[WhiteElo "2482"]
[BlackElo "2455"]
[PlyCount "83"]
[EventDate "2003.10.25"]
[Source "Roberto Alvarez"]
[SourceDate "2003.11.24"]

1. d4 Nf6 2. c4 e6 3. Nf3 d5 4. Bg5 Nbd7 5. Nc3 Bb4 6. Qb3 c5 7. a3 Ba5 8. e3 cxd4 9. exd4 O-O 10. Be2 dxc4 11. Bxc4 Qc7 12. O-O Bxc3 13. bxc3 b6 14. Bh4 Bb7 15. Bg3 Qc6 16. Bb5 Qd5 17. Qxd5 Bxd5 18. Nd2 Rfc8 19. Rfc1 a6 20. Bd3 Nh5 21. c4 Bb7 22. Bd6 Rc6 23. c5 Nhf6 24. Rab1 Rac8 25. Nb3 Nd5 26. Rc2 Rxd6 27. cxd6 Rxc2 28. Bxc2 Nc3 29. Rb2 Na4 30. Rb1 Nc3 31. Ra1 Nb5 32. a4 Nxd6 33. a5 b5 34. Nc5 Nxc5 35. dxc5 Nc4 36. Bb3 Kf8 37. Bxc4 bxc4 38. Rb1 Be4 39. Rb8+ Ke7 40. Kf1 c3 41. Ke2 Bxg2 42. Kd3 1-0

[Event "Extraliga 2004/05"]
[Site "?"]
[Date "2004.11.06"]
[Round "1"]
[White "Hausner Ivan"]
[Black "Ftacnik Lubomir"]
[Result "0-1"]
[WhiteElo "2402"]
[BlackElo "2533"]
[PlyCount "124"]
[EventDate "2004.??.??"]
[Source "www.chesslib.no"]
[SourceDate "2004.05.04"]

1. d4 Nf6 2. c4 e6 3. Nc3 d5 4. Bg5 Nbd7 5. Nf3 h6 6. Bh4 dxc4 7. e3 Nb6 8. Ne5 Be7 9. Nxc4 O-O 10. Be2 Nbd5 11. O-O b6 12. Nxd5 Nxd5 13. Bxe7 Qxe7 14. Rc1 Bb7 15. Ne5 Rfc8 16. Bh5 g6 17. Bf3 c5 18. dxc5 bxc5 19. Nc4 Rab8 20. b3 Rd8 21. Qe2 Ba6 22. Qb2 Nb4 23. Be2 Rd5 24. Rfd1 Rbd8 25. a3 Bxc4 26. bxc4 Rxd1+ 27. Rxd1 Nc6 28. Rxd8+ Qxd8 29. h3 Qb6 30. Qxb6 axb6 31. Kf1 h5 32. Ke1 Kf8 33. Kd2 h4 34. Kc3 Ke7 35. Bd1 f5 36. f4 e5 37. Bf3 e4 38. Bd1 Na5 39. Ba4 Kf6 40. Be8 g5 41. Ba4 Nb7 42. Bd1 Nd8 43. Kd2 Ne6 44. fxg5+ Nxg5 45. Ke1 Ke5 46. Kf2 f4 47. Bg4 Nf7 48. Ke2 Nd6 49. exf4+ Kxf4 50. Be6 Ke5 51. Bg8 Kd4 52. Kf2 Nf5 53. Be6 Ng3 54. Bf7 Kd3 55. Ke1 Nf5 56. Bg6 Ne3 57. Kf2 Nxc4 58. g3 Ne5 59. Bf5 c4 60. gxh4 c3 61. Ke1 Nf3+ 62. Kd1 Nd4 0-1

[Event "Leningrad Kotov Memorial"]
[Site "Leningrad RUS"]
[Date "1984.??.??"]
[Round "1"]
[White "Gavrikov, Viktor N"]
[Black "Panchenko, Alexander N"]
[Result "1-0"]
[WhiteElo "2485"]
[BlackElo "2450"]
[PlyCount "53"]
[EventDate "1984.??.??"]
[Source "www.chesslib.no"]
[SourceDate "2004.05.04"]

1. d4 Nf6 2. c4 e6 3. Nc3 d5 4. Bg5 c6 5. e3 Nbd7 6. cxd5 cxd5 7. Bd3 a6 8. Nf3 Be7 9. O-O O-O 10. Rc1 b5 11. a4 b4 12. Nb1 Bb7 13. Nbd2 h6 14. Bh4 Rc8 15. Rxc8 Qxc8 16. Qe2 Qa8 17. Ne5 Bd6 18. f4 a5 19. Bb5 Bc8 20. Rc1 Nb8 21. Bxf6 gxf6 22. Qg4+ Kh7 23. Bd3+ f5 24. Rxc8 Rxc8 25. Bxf5+ exf5 26. Qxf5+ Kh8 27. Qf6+ 1-0

[Event "Buenos Aires ARG"]
[Site "Buenos Aires ARG"]
[Date "1985.??.??"]
[Round "?"]
[White "Rubinetti, Jorge A"]
[Black "Ricardi, Pablo"]
[Result "0-1"]
[WhiteElo "2440"]
[BlackElo "2495"]
[PlyCount "93"]
[EventDate "1985.??.??"]
[Source "www.chesslib.no"]
[SourceDate "2004.05.04"]

1. c4 Nf6 2. Nf3 e6 3. Nc3 d5 4. d4 Nbd7 5. Bg5 Bb4 6. e3 c5 7. cxd5 exd5 8. Bb5 Qa5 9. Bxf6 Qxb5 10. Bxg7 Rg8 11. Be5 Rxg2 12. Bg3 Nf6 13. Ne5 Ne4 14. Rc1 Be6 15. Nd3 cxd4 16. exd4 Rc8 17. Nxb4 Qxb4 18. Qb3 Qxd4 19. Rd1 Qc4 20. Qxc4 Rxc4 21. Rd3 Nc5 22. Rd1 Bg4 23. Rxd5 Bf3 24. Re5+ Kd7 25. Rxc5 Rxc5 26. Rf1 h5 27. h4 Rc6 28. Kd2 Re6 29. a4 f5 30. Kd3 a6 31. a5 f4 32. Bxf4 Rg4 33. Bg3 Rb4 34. Rc1 Rxb2 35. Na4 Rb3+ 36. Kc4 Rb5 37. Ra1 Rc6+ 38. Kd4 Rb4+ 39. Ke3 Rb3+ 40. Kf4 Rc4+ 41. Kg5 Rb5+ 42. Kh6 Kc6 43. Nb6 Rg4 44. Bh2 Be2 45. Nc4 Rc5 46. Ra3 Rgg5 47. Ne5+ 0-1

[Event "Vrnjacka Banja"]
[Site "Vrnjacka Banja"]
[Date "1989.??.??"]
[Round "?"]
[White "Stohl, Igor"]
[Black "Raicevic, Vladimir"]
[Result "1-0"]
[WhiteElo "2455"]
[BlackElo "2480"]
[PlyCount "83"]
[EventDate "1989.04.??"]
[Source "ChessBase"]

1. d4 Nf6 2. c4 e6 3. Nc3 d5 4. Bg5 Nbd7 5. e3 c6 6. Qc2 Qa5 7. cxd5 Nxd5 8. e4 Nxc3 9. Bd2 Qa4 10. Qxc3 c5 11. Nf3 cxd4 12. Nxd4 Bc5 13. b4 Bxd4 14. Qxd4 O-O 15. Bc4 e5 16. Qe3 Nb6 17. Bb3 Qe8 18. O-O Be6 19. Rfc1 Qd7 20. Bxe6 Qxe6 21. Qb3 Qxb3 22. axb3 Rfc8 23. Be3 Rxc1+ 24. Rxc1 Rc8 25. Ra1 Rd8 26. f3 Nc8 27. Bxa7 b6 28. Bb8 f6 29. Bc7 Re8 30. Ra8 Kf7 31. Rb8 Ke6 32. Bxb6 Nd6 33. Rxe8+ Nxe8 34. Kf2 Nd6 35. Ke3 g6 36. Kd3 Kd7 37. Bc5 Nb5 38. g4 Ke6 39. Be3 Kd6 40. f4 exf4 41. Bxf4+ Kc6 42. Bg3 1-0

[Event "Celle Ligure Open"]
[Site "Celle Ligure"]
[Date "1996.??.??"]
[Round "5"]
[White "Naumkin, Igor"]
[Black "Efimov, Igor"]
[Result "1/2-1/2"]
[WhiteElo "2480"]
[BlackElo "2455"]
[PlyCount "25"]
[EventDate "1996.??.??"]
[Source "www.chesslib.no"]
[SourceDate "2004.05.04"]

1. d4 d5 2. c4 e6 3. Nc3 Nf6 4. Nf3 Nbd7 5. Bg5 h6 6. Bh4 a6 7. cxd5 exd5 8. e3 Be7 9. Qc2 Nb6 10. Bd3 Be6 11. O-O O-O 12. Ne5 Ng4 13. Bxe7 1/2-1/2

[Event "ISR-chT"]
[Site "Israel"]
[Date "1996.??.??"]
[Round "11"]
[White "Khenkin, Igor"]
[Black "Kataev, Simcho"]
[Result "1-0"]
[WhiteElo "2575"]
[BlackElo "2355"]
[PlyCount "67"]
[EventDate "1996.??.??"]
[Source "ChessBase"]

1. d4 d5 2. c4 e6 3. Nf3 Nd7 4. Nc3 Ngf6 5. Bg5 Be7 6. Qc2 O-O 7. Rd1 a6 8. e3 c6 9. c5 Nh5 10. h4 f5 11. Bd3 Ndf6 12. Na4 Bd7 13. Nb6 Rb8 14. Ne5 Be8 15. f3 h6 16. Rh3 hxg5 17. hxg5 Ne4 18. fxe4 fxe4 19. Be2 Bxg5 20. Bxh5 Bxh5 21. Rxh5 Bh4+ 22. Kd2 Rf2+ 23. Kc3 Rxc2+ 24. Kxc2 Qf6 25. Nbd7 Qf2+ 26. Rd2 Qxe3 27. Rxh4 Rd8 28. g4 Rxd7 29. Nxd7 Qg3 30. Rh1 Kf7 31. Ne5+ Ke7 32. Rf1 Kd8 33. Rf8+ Kc7 34. Rdf2 1-0

[Event "Ch Belgium"]
[Site "Namur (Belgium)"]
[Date "2007.07.06"]
[Round "7"]
[White "Dgebuadze Alexandre (BEL)"]
[Black "Hovhanisian Mher (ARM)"]
[Result "1-0"]
[WhiteElo "2538"]
[BlackElo "2391"]
[PlyCount "103"]
[EventDate "2007.??.??"]
[Source "www.chesslib.no"]
[SourceDate "2004.05.04"]

1. c4 e6 2. d4 d5 3. Nc3 Nf6 4. Bg5 Nbd7 5. e3 Bb4 6. cxd5 exd5 7. Bd3 c5 8. Nge2 cxd4 9. Nxd4 Bxc3+ 10. bxc3 O-O 11. O-O Ne5 12. Bc2 b6 13. a4 Ba6 14. Nb5 Rc8 15. Qd4 Re8 16. Bb3 Rc5 17. Rfd1 Nc6 18. Qh4 Bxb5 19. axb5 Na5 20. Bxf6 Qxf6 21. Qxf6 gxf6 22. Bxd5 Rxb5 23. e4 Rc8 24. Ra3 Rb2 25. h4 Kf8 26. Rd3 Rc7 27. Rf3 Ke7 28. g4 h6 29. g5 hxg5 30. hxg5 fxg5 31. Rxf7+ Kd8 32. Rf8+ Ke7 33. Rf5 Nc4 34. Ra1 Kd6 35. Rxg5 Ne5 36. Rg3 Rd2 37. c4 Nd3 38. Rf1 a5 39. f4 Kc5 40. f5 Ne5 41. f6 Kd4 42. Rg7 Rc8 43. f7 Nxf7 44. Rfxf7 a4 45. Rf2 Rxf2 46. Kxf2 Rf8+ 47. Kg2 Kc3 48. Ra7 Kb4 49. e5 b5 50. e6 bxc4 51. e7 Rh8 52. Ra8 1-0

[Event "Koszeg GM"]
[Site "Koszeg"]
[Date "1997.??.??"]
[Round "6"]
[White "Stocek, Jiri"]
[Black "Lukacs, Peter"]
[Result "1-0"]
[WhiteElo "2450"]
[BlackElo "2470"]
[PlyCount "49"]
[EventDate "1997.??.??"]
[Source "www.chesslib.no"]
[SourceDate "2004.05.04"]

1. Nf3 d5 2. d4 Nf6 3. c4 e6 4. Nc3 c6 5. Bg5 Nbd7 6. e4 dxe4 7. Nxe4 Bb4+ 8. Nc3 O-O 9. Bd3 c5 10. a3 Bxc3+ 11. bxc3 h6 12. Bf4 b6 13. O-O Bb7 14. Ne5 Re8 15. Re1 Nxe5 16. dxe5 Nh7 17. Re3 Qh4 18. Bg3 Qe7 19. Qh5 Qg5 20. Qh3 Qe7 21. Rae1 Nf8 22. Bh4 g5 23. Bxg5 hxg5 24. Qh6 Ng6 25. Rh3 1-0

[Event "Spijkenisse"]
[Site "Spijkenisse"]
[Date "1989.??.??"]
[Round "4"]
[White "Winants, Luc"]
[Black "Ioseliani, Nana M"]
[Result "1/2-1/2"]
[WhiteElo "2435"]
[BlackElo "2480"]
[PlyCount "102"]
[EventDate "1989.11.??"]
[Source "www.chesslib.no"]
[SourceDate "2004.05.04"]

1. d4 Nf6 2. c4 e6 3. Nc3 d5 4. Bg5 c6 5. e3 Nbd7 6. a3 Be7 7. Nf3 O-O 8. Bd3 h6 9. Bh4 dxc4 10. Bxc4 Nd5 11. Bg3 N7f6 12. O-O Nxc3 13. bxc3 c5 14. Qd3 b6 15. a4 Bb7 16. Ba6 Bxa6 17. Qxa6 Ne4 18. Qd3 Nxg3 19. hxg3 Qc7 20. Rfb1 Rfc8 21. Qa6 Bd6 22. a5 bxa5 23. Rb7 Qc6 24. Rxa5 cxd4 25. Qxc6 Rxc6 26. cxd4 a6 27. Rb2 Kf8 28. Kf1 Ke8 29. Ke2 Bc7 30. Ra4 Rb8 31. Rxb8+ Bxb8 32. Nd2 Kd7 33. Nc4 Bc7 34. g4 f6 35. Kd3 Bd8 36. e4 a5 37. f4 Ra6 38. f5 exf5 39. gxf5 Kc6 40. Na3 Be7 41. Kc4 Ra8 42. Nc2 Rc8 43. Ne3 Kb6+ 44. Kb3 Kb5 45. Nd5 Bd6 46. Ra2 Ka6 47. Ra1 Kb5 48. g4 Ka6 49. Ra4 Kb5 50. Ra1 Ka6 51. Ra4 Kb5 1/2-1/2

[Event "Lost Boys op"]
[Site "Antwerp"]
[Date "1998.07.07"]
[Round "7"]
[White "Sorkin, Igor"]
[Black "Sokolov, Ivan"]
[Result "0-1"]
[WhiteElo "2290"]
[BlackElo "2625"]
[PlyCount "117"]
[EventDate "1998.08.??"]
[Source "www.chesslib.no"]
[SourceDate "2004.05.04"]

1. d4 Nf6 2. c4 e6 3. Nf3 d5 4. Nc3 Nbd7 5. Bg5 h6 6. Bh4 dxc4 7. e3 a6 8. a4 Be7 9. Bxc4 O-O 10. O-O b6 11. Qe2 Bb7 12. Rfd1 Re8 13. Rac1 c6 14. h3 b5 15. Bd3 Qa5 16. e4 b4 17. Nb1 c5 18. Nbd2 cxd4 19. Nxd4 Ne5 20. N2b3 Qb6 21. a5 Qa7 22. Bb1 Rad8 23. Bg3 Nfd7 24. Kh2 Qa8 25. Rc7 Rc8 26. Rdc1 Rxc7 27. Rxc7 Bd8 28. Rc1 Ng6 29. Rc4 Nf6 30. Nc5 Bxa5 31. Ndb3 Bd8 32. Rxb4 Bc8 33. Bd3 Be7 34. Ra4 Qc6 35. Ra5 Qb6 36. Qc2 e5 37. Bxa6 h5 38. f3 Bxc5 39. Bxc8 Be3 40. Bf5 h4 41. Be1 Rb8 42. Ra3 Bf4+ 43. Kh1 Qb5 44. Kg1 Be3+ 45. Bf2 Bxf2+ 46. Qxf2 Nf4 47. Kh2 N6h5 48. Nc1 g6 49. Rb3 Qe8 50. Bd7 Qd8 51. Rxb8 Qxb8 52. Bc6 Ng3 53. b3 Qd6 54. Qc2 Nf1+ 55. Kg1 Ne3 56. Qc3 Nd1 57. Qc2 Qd4+ 58. Kh2 Ne3 59. Qf2 0-1

[Event "Tashkent Hodzhaev Memorial"]
[Site "Tashkent UZB"]
[Date "1987.??.??"]
[Round "?"]
[White "Timoscenko, Genadij A"]
[Black "Graf, Alexander"]
[Result "1/2-1/2"]
[WhiteElo "2495"]
[BlackElo "2420"]
[PlyCount "93"]
[EventDate "1987.??.??"]
[Source "www.chesslib.no"]
[SourceDate "2004.05.04"]

1. d4 Nf6 2. c4 e6 3. Nf3 d5 4. Nc3 Nbd7 5. Bg5 Be7 6. e3 h6 7. Bxf6 Nxf6 8. c5 O-O 9. Bd3 c6 10. b4 Nd7 11. e4 a5 12. a3 dxe4 13. Bxe4 f5 14. Bc2 Bf6 15. O-O axb4 16. axb4 Rxa1 17. Qxa1 e5 18. Bxf5 exd4 19. Qa2+ Kh8 20. Ne2 Re8 21. Nexd4 Bxd4 22. Nxd4 Nxc5 23. Bg6 Rf8 24. Nxc6 bxc6 25. bxc5 Qg5 26. Qc2 Bf5 27. Bxf5 Qxf5 28. Rc1 Qxc2 29. Rxc2 Rf5 30. g4 Rd5 31. Kg2 h5 32. h3 hxg4 33. hxg4 g5 34. Kf3 Kg7 35. Ke4 Kf6 36. Rc1 Kg7 37. Rc4 Kf6 38. Rc3 Kg6 39. Rc2 Kf6 40. Rc4 Kf7 41. Rc3 Kg6 42. Rd3 Rxc5 43. Rd6+ Kf7 44. Kd4 Rc1 45. Ke5 Rc4 46. Kf5 Rc5+ 47. Ke4 1/2-1/2